| 000 | 00583nam a2200205Ia 4500 | ||
|---|---|---|---|
| 003 | GCL | ||
| 008 | 140319s9999 xx 000 0 eng d | ||
| 040 |
_aGCL / _cGCL |
||
| 082 | 0 | 4 |
_a757.0932 _bD M |
| 100 | 1 | _aDOXIADIS, EUPHROSYNE | |
| 245 | 1 | 0 |
_aTHE MYSTERIOUS FAYUM PORTRAITS : FACES FROM ANCIENT EGYPT / _cDOXIADIS, EUPHROSYNE |
| 260 |
_aانجلترا : _bTHAMES AND HUDSON ، _c1995 |
||
| 300 |
_a32 CM ؛ _c247 P |
||
| 650 | 0 | 4 | _aANCIENT EGYPTIAN ART |
| 650 | 0 | 4 | _aFAYUM PORTRAITS |
| 650 | 0 | 4 | _aANCIENT EGYPT |
| 650 | 0 | 4 | _aART |
| 650 | 0 | 4 | _aPORTRAITS |
| 942 |
_2ddc _cBK |
||
| 999 |
_c10363 _d10363 |
||